000 00583nam a22001937a 4500
003 BD-DhJNU
005 20250630053749.0
008 250630b |||||||| |||| 00| 0 eng d
020 _a0256024537
040 _aBD-DhJNU
_bENG
_cBD-DhJNU
_dBD-DhJNU
082 _223
_a320.973 STU
100 _aStarling, Grover
245 _aUnderstanding American politics /
_cGrover Starling
260 _a Homewood :
_bDorsey Press,
_c1982.
300 _axii, various pages :
_bill. ;
_c24 cm.
504 _aIncludes index
650 _aUnited States Politics and government
942 _2ddc
_cBK
_n0
999 _c1851
_d1851